Vox : diccionario monográfico de matemáticas.

Guardado en:
Formato: Libro
Idioma:Spanish
Publicado: Barcelona : Biblograf, 1981.
Edición:1.ª ed.
Etiquetas: Agregar Etiqueta
Sin Etiquetas, Sea el primero en etiquetar este registro!
LEADER 00482nam a22001575a 4500
001 MAT.inmabb006705
008 120829s1981####sp#a#####d####000#0#spa#d
005 20130313232544.0
245 0 0 |a Vox :  |b diccionario monográfico de matemáticas. 
250 |a 1.ª ed. 
260 |a Barcelona :  |b Biblograf,  |c 1981. 
300 |a 287 p. :  |b il. ;  |c 21 cm. 
020 |a 847153388X 
246 3 |a Diccionario monográfico de matemáticas 
084 |a 00A20  |2 msc2000 
859 |h 00A20  |i V974  |p A-5359  |b BIB. MATEMATICA